Adivina el país por el dato - Prueba de clic - Estadísticas

Estadísticas generales
  • Esta prueba ha sido intentada 59 veces
  • La puntuación promedio es 8 de 16
Estadísticas de respuestas
Hint Respuesta % Correcto
La Estatua de la Libertad se construyó en este país. Francia
86%
Es el primer país en recibir los días. Samoa
77%
Es el país con menor densidad de población del mundo. Mongolia
66%
Su capital era conocida como la París de Oriente Próximo. Líbano
63%
Es el país más poblado que no tiene ninguna medalla olímpica. Bangladés
57%
Aquí está el desierto más seco del mundo. Chile
54%
Puedes alquilar entero este país para eventos privados. Liechtenstein
54%
El extinto dodo era endémico de este país. Mauricio
54%
Tiene el restaurante más antiguo del mundo aún en funcionamiento. España
46%
En este país habitan los sentineleses, la tribu más aislada del mundo. India
37%
La capital de este país es la capital habitada de forma continua más antigua. Siria
34%
La estación de metro más profunda del mundo está en este país. Ucrania
34%
Tiene el edificio de barro más grande del mundo. Malí
31%
Es el país más grande sin aeropuerto. Andorra
23%
Es el mayor productor de plata a nivel mundial. México
23%
Ha sido el país con mas intentos de golpe de estado. Bolivia
14%
No se encontraron pruebas coincidentes
Distribución de puntuación
Porcentaje de gente con cada puntuación
Porcentaje por número respondido
Historial de tus puntuaciones
No has intentado esta prueba.